| 000 | 00536nam a2200193Ia 4500 | ||
|---|---|---|---|
| 008 | 151119s9999||||xx |||||||||||||| ||und|| | ||
| 082 | _a891.463 | ||
| 082 | _bGKKV15808 | ||
| 100 | _aयादव राजेन्द्र | ||
| 245 | _aसारा आकाश | ||
| 260 | _a-- | ||
| 260 | _b-- | ||
| 260 | _c0 | ||
| 600 | _aयादव राजेन्द्र | ||
| 630 | _aसारा आकाश | ||
| 700 | _aयादव राजेन्द्र | ||
| 730 | _aसारा आकाश | ||
| 942 | _cBOOK | ||
| 999 |
_c1069151 _d1069148 |
||